00303nam a2200121Ia 450000500170000000800410001704100080005810000300006624500480009625000080014426000210015230000080017320251013221639.0251010s9999 xx 000 0 und d amar aमोडक वि.आ. aविश्‍वाचा पसारा a1ST bShreevidyac1969 a150